Eurovision Results 2026 - Statistics

General Stats
  • This quiz has been taken 167 times
  • The average score is 20 of 25
Answer Stats
Place Country Points % Correct
1st Bulgaria 516
100%
2nd Israel 343
100%
3rd Romania 296
93%
4th Australia 287
90%
6th Finland 279
90%
25th United Kingdom 1
87%
5th Italy 281
86%
7th Denmark 243
85%
23rd Germany 12
84%
24th Austria 6
83%
10th Greece 220
82%
11th France 158
81%
8th Moldova 226
81%
22nd Lithuania 22
80%
12th Poland 150
78%
20th Sweden 51
77%
9th Ukraine 221
76%
13th Albania 145
74%
21st Belgium 36
74%
14th Norway 134
74%
17th Serbia 90
74%
15th Croatia 124
71%
18th Malta 89
70%
16th Czechia 113
69%
19th Cyprus 75
66%
No matching quizzes found
Score Distribution
Percent of People with Each Score
Percentile by Number Answered
Your Score History
You have not taken this quiz